Track & Field Terminology Trivia - Statistics

General Stats
  • This quiz has been taken 183 times
  • The average score is 7 of 17
Answer Stats
Hint Answer % Correct
The final leg of a relay race. Anchor
87%
The hollow tube that is passed between teammates in a relay race Baton
87%
An invalid start to a race False Start
81%
Shoes worn by athelthes spikes
74%
A wind that blows against the direction in which the athlete is heading. Headwind
72%
A wind that blows in the direction in which the athlete is heading. tailwind
58%
A track and field event / competition meet
46%
A sudden burst of speed towards the finish of a race kick
41%
An athlete who is under 20. Junior
40%
The straight stretch of track that is located directly across from the home straight Back stretch
39%
Abbreviation name before World Athletics IAAF
26%
The beginning segment of a sprint. Drive phase
24%
Best performance in an event so far Personal best
21%
Another name for the passing zone. Exchange zone
20%
The type of start position used for the hurdles and the sprints. Crouch Start
3%
Sand filled area Landing pit
1%
A wind greater than 2m wind assistance
1%
No matching quizzes found
Score Distribution
Percent of People with Each Score
Percentile by Number Answered
Your Score History
You have not taken this quiz